|
|
|
|
| LEADER |
00933cam a2200229 7i4500 |
| 001 |
0000018452 |
| 005 |
20090707090000.0 |
| 008 |
071023 eng |
| 020 |
|
|
|a 9718802029 (pbk.)
|
| 040 |
|
|
|a DLC
|
| 090 |
0 |
0 |
|a KNC595
|b .L44 1994
|
| 245 |
0 |
0 |
|a Legislative support services in Asia :
|b an introductory survey
|c edited by Socorro L. Reyes & Ma. Lourdes J. Brillantes.
|
| 260 |
|
|
|a [Manila]:
|b Congressional Research and Training Service,
|c 1994.
|
| 300 |
|
|
|a xvi, 259 p.;
|c 22 cm.
|
| 504 |
|
|
|a Includes bibliographical references
|
| 650 |
0 |
0 |
|a Legislative reference bureaus --
|z Southeast Asia
|
| 650 |
0 |
0 |
|a Legislators --
|x Services for --
|z Southeast Asia
|
| 650 |
0 |
0 |
|a Legislation --
|z Southeast Asia
|
| 700 |
1 |
|
|a Reyes, Soccoro L
|
| 700 |
1 |
|
|a Brillantes, Ma. Lourdes J
|
| 710 |
2 |
|
|a Congressional Research & Training Service (Philippines)
|
| 999 |
|
|
|a 0000027740
|b BOK
|c OPEN SHELF
|e 1st Floor, Bestari Jaya
|